| 000 | 01201cam a2200241 4500 | ||
|---|---|---|---|
| 008 | 030401n2003 000 0 eng u | ||
| 035 | _a(Sirsi) u121853 | ||
| 100 | _aMurdoch, J. | ||
| 245 | _aAttention to duty | ||
| 260 | _c2003 | ||
| 490 |
_aEstates Gazette _v(0305 1 February 2003, 143(1) |
||
| 520 | _aDiscusses "Bradford and Bingley plc v Hayes Dunphy and Hayes Ltd (HC unreported) in which an individual valuer and director of a firm of chartered surveyors relying on "Williams v Natural Life Health Foods Ltd" (HL [1998] ALL ER 557) maintained that he was not personally liable for a negligent mortgage valuation. This viewpoint was upheld by the court despite "Merrett v Babb" (CA Abs64182). Concludes that company directors enjoy better protection than employees in terms of personal liability in negligence claims. | ||
| 590 | _aABS | ||
| 650 | _aBRADFORD AND BINGLEY PLC V HAYES DUNPHY AND HAYES LTD | ||
| 650 | _aMORTGAGE VALUATION | ||
| 650 | _aNEGLIGENCE | ||
| 650 | _aPERSONAL LIABILITY | ||
| 650 | _aCOMPANY LAW | ||
| 650 | _aMERRETT V BABB | ||
| 650 | _aWILLIAMS V NATURAL LIFE HEALTH FOODS LTD | ||
| 690 | _aPROFESSIONAL PRACTICE-NEGLIGENCE-CASE LAW | ||
| 942 | _n0 | ||
| 999 |
_c72411 _d72411 |
||